Brands and their Association Networks
Jeden z prístupov, ako vytvoriť koncepciu značky je formou identifikácie asociačnej siete v mysli spotrebiteľov a vytváranie sémantických máp zložených zo všetkých asociácií, ktoré sú v značnej miere formované kultúrnymi hodnotami spotrebiteľov. Článok zdôrazňuje dôležitosť pochopenia kultúrnych hod...
Salvato in:
| Autore principale: | |
|---|---|
| Altri autori: | |
| Natura: | Capitolo di libro |
| Lingua: | inglese |
| Soggetti: | |
| Tags: |
Nessun Tag, puoi essere il primo ad aggiungerne!!
|
MARC
| LEADER | 00000nla a2200000 4500 | ||
|---|---|---|---|
| 001 | 0243030 | ||
| 005 | 20210325112607.3 | ||
| 041 | 0 | |a eng | |
| 044 | |a SK | ||
| 245 | 1 | 0 | |a Brands and their Association Networks |c Zuzana Ihnátová, Ina Bečková |
| 520 | |a Jeden z prístupov, ako vytvoriť koncepciu značky je formou identifikácie asociačnej siete v mysli spotrebiteľov a vytváranie sémantických máp zložených zo všetkých asociácií, ktoré sú v značnej miere formované kultúrnymi hodnotami spotrebiteľov. Článok zdôrazňuje dôležitosť pochopenia kultúrnych hodnôt cieľového trhu pre manažment a komunikáciu medzi rôznymi kultúrami. | ||
| 610 | 2 | 0 | |a značky |
| 610 | 2 | 0 | |a značky maloobchodné |
| 610 | 2 | 0 | |a značky výrobkov |
| 610 | 2 | 0 | |a obchod medzinárodný |
| 610 | 2 | 0 | |a vzťahy interkultúrne |
| 610 | 2 | 0 | |a vzťahy so zákazníkmi |
| 610 | 2 | 0 | |a vzťahy spoločenské |
| 100 | 1 | |a Ihnátová, Zuzana | |
| 700 | 1 | |a Bečková, Ina | |